header

Islamic identity, postcoloniality, and educational policy (Record no. 85554)

MARC details
000 -LEADER
fixed length control field 01525nam a2200361Ia 4500
082 04 - DEWEY DECIMAL CLASSIFICATION NUMBER
Classification number 371.82829709599
100 1# - MAIN ENTRY--AUTHOR NAME
Personal name Milligan, Jeffrey Ayala.
245 10 - TITLE STATEMENT
Title Islamic identity, postcoloniality, and educational policy
260 ## - PUBLICATION, DISTRIBUTION, ETC. (IMPRINT)
Place of publication New York ;
-- Basingstoke :
Name of publisher Palgrave Macmillan,
Year of publication c2005.
300 ## - PHYSICAL DESCRIPTION
Number of Pages x, 225 p.
650 #0 - SUBJECT ADDED ENTRY--TOPICAL TERM
Topical Term Education and state
Topical Term Education
Topical Term Education
Topical Term Muslims
Topical Term Muslims
856 40 - ELECTRONIC LOCATION AND ACCESS
Uniform Resource Identifier http://site.ebrary.com/lib/rucke/Doc?id=10135550

No items available.

© 2026 Rongo University
Contact us: librarian | system librarian | Rongo university